Statistics for Famous Men with Mustaches Quiz

Click here to take the quiz!

General Stats

  • This quiz has been taken 18,347 times
    (11,269 since last reset)
  • The average score is 13 of 24

Answer Stats

Clue Answer % Correct
German f├╝hrerAdolf Hitler
97%
E=MC2Albert Einstein
95%
WWII leader of RussiaJoseph Stalin
92%
Luigi's brotherMario
88%
Silent film starCharlie Chaplin
82%
Queen frontmanFreddie Mercury
74%
Surrealist painter with a
surrealist mustache!
Salvador Dali
70%
Rough ridin' PresidentTheodore Roosevelt
61%
"Magnum, P.I."Tom Selleck
59%
Brother of Harpo and GummoGroucho Marx
59%
Oprah psychologistDr. Phil
59%
Host of "Jeopardy"Alex Trebek
58%
Cher's former husbandSonny Bono
54%
Stills and Nash colleagueDavid Crosby
54%
"Gone With the Wind"Clark Gable
53%
Hidely-ho, neighborino!Ned Flanders
51%
News anchor and
"most trusted man in America"
Walter Cronkite
43%
Culinary MuppetSwedish Chef
42%
Andre the Giant rivalHulk Hogan
41%
He was Lando CalrissianBilly Dee Williams
28%
NASCAR "intimidator"Dale Earnhardt
27%
Basketball legend with a similar
mustache to the above
Michael Jordan
21%
"Hairspray" director -
pencil thin mustache
John Waters
17%
Quaker Oats spokesmanWilford Brimley
14%

Score Distribution

Percentile by Number Answered

Percent of People with Each Score

Your Score History

You have not taken this quiz since the last reset